Welcome to CU Library Online Public Access Catalogue (OPAC)

Taxmann's Auditing: (Record no. 2732)

MARC details
000 -LEADER
fixed length control field 00499nam a22001697a 4500
005 - DATE AND TIME OF LATEST TRANSACTION
control field 20250120164328.0
008 - FIXED-LENGTH DATA ELEMENTS--GENERAL INFORMATION
fixed length control field 250120b |||||||| |||| 00| 0 eng d
020 ## - INTERNATIONAL STANDARD BOOK NUMBER
International Standard Book Number 81-7496-812-1
050 ## - LIBRARY OF CONGRESS CALL NUMBER
Classification number HF5667 SHA
100 ## - MAIN ENTRY--PERSONAL NAME
Personal name Sharma S. D.
245 ## - TITLE STATEMENT
Title Taxmann's Auditing:
Remainder of title Principles and Practice
Statement of responsibility, etc. S. D. Sharma
250 ## - EDITION STATEMENT
Edition statement 3rd Ed.
260 ## - PUBLICATION, DISTRIBUTION, ETC.
Place of publication, distribution, etc. New Delhi
Name of publisher, distributor, etc. Taxmann Allied Services (P.) Ltd.
Date of publication, distribution, etc. 2006
300 ## - PHYSICAL DESCRIPTION
Extent (various pagings.)
Dimensions 24 cm x 16 cm
650 ## - SUBJECT ADDED ENTRY--TOPICAL TERM
Source of heading or term Auditing
942 ## - ADDED ENTRY ELEMENTS (KOHA)
Source of classification or shelving scheme Library of Congress Classification
Koha item type Books
Edition 3rd Ed.
Suppress in OPAC No
999 ## -
-- 2732
-- 2732
Holdings
Withdrawn status Lost status Source of classification or shelving scheme Damaged status Not for loan Collection Home library Current library Shelving location Date acquired Total checkouts Full call number Barcode Date last seen Copy number Price effective from Koha item type
    Library of Congress Classification     Non-fiction Business Library (Miotso) Business Library (Miotso) General stacks 01/20/2025   HF5667 SHA BSSM00000516 01/20/2025 1 01/20/2025 Books
    Library of Congress Classification       Graduate Library (Christ Temple) Graduate Library (Christ Temple) General stacks 02/17/2026   5667 SHA gsct00002649 02/17/2026   02/17/2026 Books
© 2023-2024 Copyright: Central University Libraries. All Rights Reserved | Created by: Mahone Tech Office